NCHRP Report 500 Vol 21 Guidance for Implementation of the AASHTO Strategi Highway Safety Plan / (Record no. 2202)

000 -LEADER
fixed length control field 00424 a2200121 4500
020 ## - INTERNATIONAL STANDARD BOOK NUMBER
International Standard Book Number 9780309117432
022 ## - INTERNATIONAL STANDARD SERIAL NUMBER
International Standard Serial Number 00775614
082 ## - DEWEY DECIMAL CLASSIFICATION NUMBER
Classification number 363.125 COV
100 ## - MAIN ENTRY--PERSONAL NAME
Personal name Council, Forrest M.
245 ## - TITLE STATEMENT
Title NCHRP Report 500 Vol 21 Guidance for Implementation of the AASHTO Strategi Highway Safety Plan /
Statement of responsibility, etc. Forrest M. Council...[et al]
260 ## - PUBLICATION, DISTRIBUTION, ETC.
Place of publication, distribution, etc. Washington :
Name of publisher, distributor, etc. Transportation Research Board,
Date of publication, distribution, etc. 2008
300 ## - PHYSICAL DESCRIPTION
Extent 94p. :
Other physical details ill. ;
Dimensions 30 cm
650 ## - SUBJECT ADDED ENTRY--TOPICAL TERM
Topical term or geographic name entry element Highway safety
Holdings
Withdrawn status Lost status Damaged status Not for loan Permanent Location Current Location Shelving location Date acquired Total Checkouts Full call number Barcode Date last seen Price effective from Koha item type Source of acquisition
        School of Civil and Environmental Engineering (SCEE) School of Civil and Environmental Engineering (SCEE)       363.125 COV NIT-6050 01/05/2017 01/05/2017 Book  
        School of Civil and Environmental Engineering (SCEE) School of Civil and Environmental Engineering (SCEE)         NIT-5835 01/05/2017 01/05/2017 Report NIT
© 2023 Central Library, National University of Sciences and Technology. All Rights Reserved.